NBA Nicknames V - Statistics

General Stats
  • This quiz has been taken 26 times
  • The average score is 9 of 15
Answer Stats
Hint Answer % Correct
The Great Wall / Ming Dynasty Yao Ming
100%
Clyde The Glide Clyde Drexler
96%
Splash Brothers Stephen Curry / Klay Thompson
96%
The Round Mound of Rebound / Sir Charles Charles Barkley
92%
Linsanity Jeremy Lin
92%
Dillon the Villain Dillon Brooks
88%
The Admiral David Robinson
83%
JJJ Jaren Jackson Jr
75%
AR-15 Austin Reaves
71%
The K** Bucket Jonathan Kuminga
46%
Time Lord Robert Williams III
33%
The Great Barrier Thief Dyson Daniels
25%
John the Baptist John Collins
25%
Dirty / Tall Baller from the G Dirk Nowitzki
21%
Off Night Davion Mitchell
4%
No matching quizzes found
Score Distribution
Percent of People with Each Score
Percentile by Number Answered
Your Score History
You have not taken this quiz